00670nam a2200241 a 4500001001300000003000900013005001700022008004100039020001000080082001600090100002200106245002100128260002700149300000900176500003500185505001700220650002200237700002200259902000800281942000700289952011700296999001500413nice12345678IN_TiNIC20260116012746.0050524s1968 caia grp 000 0 ara  ac10000a297.63bHAI aHaikal, M Hussain aHayat-E-Muhammad aCairobNahza Co.c1968 a634p aincludes index and biblioraphy2 aBibliography aMuhammad, Prophet1 aHaikal, M Hussain bSRS cBK 001040708StackRoom-aHMIbHMId2007-07-09g100.00l0o297.63 HAIp010071r2007-07-09v100.00w2005-05-24yBK c8262d8262